| 000 -LEADER |
| fixed length control field |
00351nam a2200109Ia 4500 |
| 008 - FIXED-LENGTH DATA ELEMENTS--GENERAL INFORMATION |
| fixed length control field |
200302s9999 xx 000 0 und d |
| 100 ## - MAIN ENTRY--PERSONAL NAME |
| Personal name |
Robert A heller and Deborah J Oakley |
| 245 ## - TITLE STATEMENT |
| Title |
Salvadori's structure in architecture the abuilding of buildings 4th ed. |
| 260 ## - PUBLICATION, DISTRIBUTION, ETC. |
| Name of publisher, distributor, etc. |
Pearson India Education Services Pvt., Ltd., |
| 260 ## - PUBLICATION, DISTRIBUTION, ETC. |
| Date of publication, distribution, etc. |
2017 |
| 300 ## - PHYSICAL DESCRIPTION |
| Extent |
228 |